| 000 | 00518aam a2200181 4500 | ||
|---|---|---|---|
| 005 | 20190614144627.0 | ||
| 008 | 150427b xxu||||| |||| 00| 0 spa d | ||
| 041 | _aEspañol | ||
| 082 | _aGT 861.4 M628p | ||
| 100 |
_aMorales Santos, Francisco _910890 |
||
| 245 | _aPoemas escogidos para niños | ||
| 260 |
_aGuatemala _bPiedra Santa _c2002 |
||
| 300 | _a200 páginas | ||
| 650 |
_aPOESÍA GUATEMALTECA _927590 |
||
| 650 |
_aLITERATURA GUATEMALTECA _927591 |
||
| 650 |
_aPOESIA LATINOAMERICANA _910893 |
||
| 942 | _cLIT | ||
| 999 |
_c3237 _d3237 |
||